| 000 | 00955nam a22002657i 4500 | ||
|---|---|---|---|
| 003 | URS | ||
| 856 |
_3Online Request for Student Unpublished Works _uhttps://forms.gle/7LqvGGkaDrUQqz429 |
||
| 999 |
_c76092 _d76091 |
||
| 005 | 20240416181640.0 | ||
| 008 | 200116b ||||| |||| 00| 0 eng d | ||
| 041 | _aeng | ||
| 043 | _aa-ph-- | ||
| 050 | 1 | 4 |
_aLB2955 _b.Ib1 2008 |
| 100 |
_aIbaƱez, Marites A, _eauthor |
||
| 245 | _aDeterminants of the performance of elementary schools in the division | ||
| 260 | _c2008 | ||
| 300 |
_a173 leaves : _billustrations ; _c28 cm |
||
| 336 |
_2rda content _atext |
||
| 337 |
_2rda media _aunmediated |
||
| 338 |
_2rda carrier _avolume |
||
| 502 |
_aThesis _bDoctor of Philosophy major in Educational Management _cUniversity of Rizal System-Morong _d2008 |
||
| 650 | 0 | _aPublic elementary schools--Philippines. | |
| 650 | 0 | _aSchool management and organization--Philippines. | |
| 700 |
_aEstrabo, Hermy D. _eDegree supervisor |
||
| 942 |
_2lcc _cT |
||